| 000 | 00545nam a2200181Ia 4500 | ||
|---|---|---|---|
| 999 |
_c14629 _d14629 |
||
| 003 | OSt | ||
| 005 | 20201104101239.0 | ||
| 008 | 190216s9999||||xx |||||||||||||| ||und|| | ||
| 020 | _a978007326778 | ||
| 040 | _coclc | ||
| 082 |
_a823.92 _bADI/T |
||
| 100 |
_a Adichie, Chimamanda Ngozi _96019 |
||
| 245 | 4 |
_aThe Thing Around Your Neck / _cChimamanda Ngozi Adichie |
|
| 260 |
_bFourth Estate. London, _c2009. _aLondon: |
||
| 300 | _a228p | ||
| 650 | _aEnglish-Literature | ||
| 942 |
_cBK _2ddc _h823.92 _iADI/T _k823.92 _mADI/T |
||